00496nam a2200169Ia 4500008004100000020001400041245007300055260003200128516002000160650001400180650001500194650001300209830002600222856005200248942000700300999001900307150121s9999 xx 000 0 und d a2094-7925 aArellano University Graduate School Journal /h[electronic resource] bArellano University,c2013. aElectronic text aBusiness. aEducation. aNursing. aPhilippine E-Journals uhttp://www.ejournals.ph/index.php?journal=AUGSJ cEJ c276984d276984